Marvel - Fiche personnage: Black Widow - Statistiques

Statistiques générales
  • Ce quiz a été pris 33 fois
  • Le résultat moyen est 16 sur 31
Statistiques - réponses
Hint Réponse % Correct
Origine Russe
83%
Nom civil Natasha Romanoff
78%
2012 Avengers
74%
2010 Iron Man 2
74%
2019 Avengers : Endgame
70%
2018 Avengers : Infinity War
70%
2021 Black Widow
70%
Meilleur ami Clint Barton / Hawkeye
70%
Actrice Scarlett Johansson
70%
2015 Avengers : L'Ère d'Ultron
65%
Ex petit-ami Bruce Banner
65%
2017 Captain America : Civil War
65%
Avengers (2) Ultron
65%
Avengers Loki
61%
Avengers (3) Thanos
61%
Sœur adoptive Yelena Belova
61%
Nationalité Américaine
52%
Quel est le nom de la planète sur laquelle elle s'est sacrifiée pour la Pierre de l'âme ? Vormir
52%
Père adoptif Alexei Shostakov / Gardien Rouge
48%
Date de décès (année) 2014
43%
2019 (Scène post-générique) Captain Marvel
43%
2014 Captain America : Le Soldat de l'Hiver
39%
Captain America (2) HYDRA / Alexander Pierce
39%
Captain America (3) Helmut Zemo
35%
À quelle organisation appartenait-elle avec Clint avant d'intégrer les Avengers ? Le SHIELD
35%
Que représente son symbole, qu'elle porte notamment sur sa ceinture ? Un sablier
26%
Black Widow Dreykov / Taskmaster
22%
Mère adoptive Melina Vostokoff
17%
Date de naissance 3 décembre 1984
9%
Nom complet Natalia Alianova Romanoff
4%
Actrice (jeune) Ever Anderson
0%
Aucun quiz correspondant
Distribution des résultats
% des personnes avec chaque résultat
Percentile par nombre de réponses
Votre historique - résultats
Vous n’avez pas pris ce quiz